00541nam a2200181Ia 450000500170000000800410001708200130005810000140007124500610008526000300014630000140017665000190019065000180020965000130022794200060024095200980024699900150034420250221010942.0240331s9999 xx 000 0 und d bPOWa954 aPowell, G 4aThe Kandyan wars :bThe British army in Ceylon 1803-1818 aNew DelhibNavrang c1984 a319 p .,  aCeylon History aBritish Asian aSoldiers cL 001040708LaWERCLbWERCLcSSCd2024-03-31l0o 954.93 POWp3585r2024-03-31w2024-03-31yL c3462d3462